[Event "Asia-ch Blitz U20 Girls"]
[Site "Jamshedpur"]
[Date "2023.09.15"]
[Round "1"]
[White "Aashi, Upadhayay"]
[Black "Shubhi, Gupta"]
[Result "0-1"]
[WhiteElo "1334"]
[BlackElo "1715"]
[PlyCount "66"]
[EventDate "2023.09.15"]
[EventType "swiss (blitz)"]
[EventRounds "9"]
[EventCountry "IND"]
[SourceTitle "EXT 2024"]
[Source "ChessBase"]
[SourceDate "2023.10.10"]
[SourceVersion "1"]
[SourceVersionDate "2023.10.10"]
[SourceQuality "1"]

1. e4 e5 2. Nf3 Nc6 3. d4 exd4 4. Bc4 Bc5 5. c3 Nf6 6. e5 d5 7. Bb5 Bb6 8. exf6 Qxf6 9. cxd4 0-0 10. Bxc6 bxc6 11. 0-0 Bg4 12. Be3 Rae8 13. Nc3 Qg6 14. Kh1 f5 15. h3 Bh5 16. Na4 f4 17. Nxb6 fxe3 18. fxe3 axb6 19. Qe2 Qe4 20. Rae1 h6 21. Qf2 Qe6 22. Qh4 Bxf3 23. Rxf3 Rxf3 24. gxf3 Rf8 25. Kg2 Qg6+ 26. Qg3 Qc2+ 27. Qf2 Qd3 28. Rc1 Rf6 29. Rc3 Qb1 30. Qc2 Rg6+ 31. Kf2 Qg1+ 32. Ke2 Rg2+ 33. Kd3 Qf1+ 0-1

[Event "Asia-ch Blitz U20 Girls"]
[Site "Jamshedpur"]
[Date "2023.09.15"]
[Round "4"]
[White "Patil, Disha"]
[Black "Aashi, Upadhayay"]
[Result "1-0"]
[WhiteElo "1617"]
[BlackElo "1334"]
[PlyCount "135"]
[EventDate "2023.09.15"]
[EventType "swiss (blitz)"]
[EventRounds "9"]
[EventCountry "IND"]
[SourceTitle "EXT 2024"]
[Source "ChessBase"]
[SourceDate "2023.10.10"]
[SourceVersion "1"]
[SourceVersionDate "2023.10.10"]
[SourceQuality "1"]

1. e4 c5 2. Nf3 Nc6 3. d4 cxd4 4. Nxd4 Nf6 5. Nc3 e6 6. Be3 Qa5 7. Be2 Nxe4 8. Nxc6 bxc6 9. Qd3 Nxc3 10. bxc3 d5 11. 0-0 Bc5 12. Bd4 0-0 13. Kh1 Bxd4 14. cxd4 c5 15. c3 Bd7 16. f4 Rfc8 17. h3 cxd4 18. cxd4 Rc3 19. Qd1 Rac8 20. Bd3 Ba4 21. Qe2 Bc2 22. Bxc2 Rxc2 23. Qf3 Rxa2 24. Rxa2 Qxa2 25. f5 Qa6 26. f6 gxf6 27. Qxf6 Qb7 28. Rf3 Rc1+ 29. Kh2 Qc7+ 30. Rg3+ Kf8 31. Qh6+ Ke8 32. Qxh7 Rh1+ 33. Kxh1 Qxg3 34. Qh8+ Ke7 35. Qa8 Qe1+ 36. Kh2 a5 37. Qa7+ Kf6 38. Qb6 Qb4 39. Qd8+ Kf5 40. h4 Qxd4 41. Qg5+ Ke4 42. Qg4+ Kd3 43. Qd1+ Kc4 44. Qa4+ Kd3 45. Qd1+ Ke4 46. Qg4+ Ke5 47. Qg7+ f6 48. Qc7+ Ke4 49. Qxa5 Qe5+ 50. Kh3 Qf5+ 51. Kh2 Qf4+ 52. g3 Qf2+ 53. Kh3 d4 54. Qa8+ Kf5 55. Qa5+ e5 56. Qd5 Qf1+ 57. Kh2 Qe2+ 58. Kh3 d3 59. Qd7+ Ke4 60. Qc6+ Ke3 61. Qxf6 d2 62. Qxe5+ Kf2 63. Qf4+ Qf3 64. Qxd2+ Kg1 65. Qe1+ Qf1+ 66. Qxf1+ Kxf1 67. h5 Kf2 68. h6 1-0

[Event "Asia-ch U20 Girls"]
[Site "Jamshedpur"]
[Date "2023.09.13"]
[Round "7"]
[White "Aashi, Upadhayay"]
[Black "Poorvi, Rajpoot"]
[Result "1-0"]
[WhiteElo "1448"]
[BlackElo "1429"]
[PlyCount "153"]
[EventDate "2023.09.09"]
[EventType "swiss"]
[EventRounds "9"]
[EventCountry "IND"]
[SourceTitle "EXT 2024"]
[Source "ChessBase"]
[SourceDate "2023.10.10"]
[SourceVersion "1"]
[SourceVersionDate "2023.10.10"]
[SourceQuality "1"]

1. e4 c5 2. Nc3 d6 3. f4 g6 4. Nf3 Bg7 5. Bb5+ Nc6 6. Bxc6+ bxc6 7. d3 Nf6 8. 0-0 0-0 9. Qe1 e6 10. e5 Nd5 11. Ne4 dxe5 12. fxe5 f6 13. exf6 Nxf6 14. Nxc5 Qd5 15. Qe5 Re8 16. c4 Qd8 17. Bg5 h6 18. Bxf6 Bxf6 19. Qe4 Kh7 20. Ne5 Rg8 21. Nxc6 Qd6 22. Rxf6 Qxc5+ 23. d4 Qg5 24. Raf1 Rg7 25. Ne7 Rb8 26. Nxc8 Rxc8 27. Qxe6 Rcc7 28. Rf8 Qd2 29. Qf6 Rce7 30. d5 h5 31. Qf4 Qxb2 32. Qb8 Qd4+ 33. Kh1 Kh6 34. Qf4+ Qxf4 35. R8xf4 Re2 36. R4f2 Re4 37. c5 Rc7 38. Rc2 Rd4 39. d6 Rxd6 40. cxd6 Rxc2 41. Rd1 Rc8 42. Kg1 Kg5 43. d7 Rd8 44. Kf2 Kf6 45. Ke3 g5 46. Ke4 Ke6 47. Rd5 Kf6 48. Rd6+ Ke7 49. Ke5 a5 50. Rd3 a4 51. Kf5 g4 52. Kg5 Rxd7 53. Rxd7+ Kxd7 54. Kxh5 Kd6 55. Kxg4 Kc5 56. h4 Kb4 57. h5 Ka3 58. h6 Kxa2 59. h7 a3 60. h8Q Kb1 61. Kf3 a2 62. g4 a1Q 63. Qxa1+ Kxa1 64. g5 Kb2 65. g6 Kc3 66. g7 Kd4 67. g8Q Ke5 68. Qg4 Kd5 69. Qe4+ Kc5 70. Qd3 Kc6 71. Ke4 Kc5 72. Qd5+ Kb4 73. Qc6 Ka5 74. Qb7 Ka4 75. Kd4 Ka3 76. Kc3 Ka4 77. Qb4# 1-0

[Event "Asia-ch U20 Girls"]
[Site "Jamshedpur"]
[Date "2023.09.10"]
[Round "3"]
[White "Aashi, Upadhayay"]
[Black "Pournami, S."]
[Result "1/2-1/2"]
[WhiteElo "1448"]
[BlackElo "1519"]
[PlyCount "109"]
[EventDate "2023.09.09"]
[EventType "swiss"]
[EventRounds "9"]
[EventCountry "IND"]
[SourceTitle "EXT 2024"]
[Source "ChessBase"]
[SourceDate "2023.10.10"]
[SourceVersion "1"]
[SourceVersionDate "2023.10.10"]
[SourceQuality "1"]

1. e4 c5 2. Nf3 d6 3. Bb5+ Bd7 4. Bxd7+ Nxd7 5. d4 cxd4 6. Qxd4 Ngf6 7. Nc3 g6 8. 0-0 Bg7 9. Qb4 Qc8 10. Be3 0-0 11. Rac1 Nc5 12. e5 Na6 13. Qb5 Nc7 14. Qc4 Nfe8 15. Bg5 Qd7 16. Rfe1 Ne6 17. Qh4 f6 18. exf6 exf6 19. Qc4 N8c7 20. Nd5 Kh8 21. Nxc7 Nxc7 22. Bf4 g5 23. Bg3 b5 24. Qd3 Rad8 25. Rcd1 Qf7 26. Qa3 Nd5 27. Bxd6 b4 28. Bxb4 Nxb4 29. Qxb4 Qxa2 30. Ra1 Qf7 31. Re7 Qd5 32. h3 Rb8 33. Qa3 Rfc8 34. Qxa7 Ra8 35. Rxg7 Rxa7 36. Raxa7 Qd1+ 37. Kh2 Qxc2 38. Nd4 Qe4 39. Rxh7+ Qxh7 40. Rxh7+ Kxh7 41. b3 Rd8 42. Nc6 Rd6 43. Ne7 Rd7 44. Nc6 Rb7 45. b4 Rb6 46. Ne7 Kg7 47. g4 Rxb4 48. Kg3 Kf7 49. Nf5 Ke6 50. h4 gxh4+ 51. Nxh4 Ra4 52. Nf5 Rb4 53. Ne3 Ra4 54. Nf5 Rb4 55. Ne3 1/2-1/2

[Event "Asia-ch Rapid U20 Girls"]
[Site "Jamshedpur"]
[Date "2023.09.08"]
[Round "3"]
[White "Sanchita, Yadav"]
[Black "Aashi, Upadhayay"]
[Result "1-0"]
[WhiteElo "1171"]
[BlackElo "1334"]
[PlyCount "103"]
[EventDate "2023.09.08"]
[EventType "swiss (rapid)"]
[EventRounds "9"]
[EventCountry "IND"]
[SourceTitle "EXT 2024"]
[Source "ChessBase"]
[SourceDate "2023.10.10"]
[SourceVersion "1"]
[SourceVersionDate "2023.10.10"]
[SourceQuality "1"]

1. e4 e5 2. Nf3 Nc6 3. d4 exd4 4. Nxd4 Nf6 5. Nxc6 bxc6 6. Bd3 Be7 7. Nc3 d6 8. 0-0 0-0 9. Bf4 Rb8 10. Rb1 Bg4 11. Qd2 Qd7 12. h3 Be6 13. e5 Nd5 14. Nxd5 cxd5 15. exd6 Bxd6 16. Bxd6 Qxd6 17. c3 Rfd8 18. Rfd1 g6 19. Qe3 c5 20. Bc2 d4 21. Qd2 Bxa2 22. Ra1 Rxb2 23. cxd4 Bb3 24. Rac1 Rxc2 25. Rxc2 Bxc2 26. Qxc2 cxd4 27. Rd3 Re8 28. g3 Re1+ 29. Kg2 Qd5+ 30. Rf3 Kg7 31. Qd2 Qe4 32. Qd3 f5 33. Qa6 Qe7 34. Qa5 Rd1 35. Qa4 Re1 36. Qxd4+ Kf7 37. Qc4+ Qe6 38. Qc7+ Qe7 39. Qc4+ Kf8 40. Qc8+ Kg7 41. Qc3+ Kh6 42. Qd2+ Kg7 43. Qc3+ Qe5 44. Qc8 Ra1 45. Qd7+ Kh6 46. Qd2+ Kg7 47. Qd7+ Kh6 48. Qd2+ Kh5 49. Re3 Qf6 50. Qe2+ Kh6 51. Re6 Qd4 52. Qf3 1-0

[Event "IND-ch (Women) 49th"]
[Site "Ahmedabad"]
[Date "2023.07.01"]
[Round "2"]
[White "Potluri, Saye Srreezza"]
[Black "Aashi, Upadhayay"]
[Result "1-0"]
[WhiteElo "1919"]
[BlackElo "1503"]
[PlyCount "75"]
[EventDate "2023.06.30"]
[EventType "swiss"]
[EventRounds "11"]
[EventCountry "IND"]
[SourceTitle "CBM 215 Extra"]
[Source "ChessBase"]
[SourceDate "2023.09.30"]
[SourceVersion "1"]
[SourceVersionDate "2023.09.30"]
[SourceQuality "1"]

1. d4 Nf6 2. c4 e6 3. Nc3 d5 4. cxd5 exd5 5. Bg5 Be7 6. e3 0-0 7. Bd3 h6 8. Bh4 Re8 9. Nge2 Ne4 10. Bxe7 Nxc3 11. bxc3 Qxe7 12. Qb3 c6 13. 0-0 b6 14. Ng3 Be6 15. Rae1 Nd7 16. f3 c5 17. Qb2 Nf6 18. Ne2 Bd7 19. e4 dxe4 20. fxe4 Bc6 21. Ng3 Ng4 22. h3 Qd6 23. Rf3 Nf6 24. Qf2 cxd4 25. cxd4 Rad8 26. Nf5 Qc7 27. Nxh6+ gxh6 28. Rxf6 Re6 29. Rxe6 fxe6 30. Qf6 Qd7 31. Qg6+ Kh8 32. Qxh6+ Kg8 33. Qg6+ Kh8 34. d5 exd5 35. exd5 Bxd5 36. Re5 Qg7 37. Qh5+ Kg8 38. Rg5 1-0

[Event "IND-ch U15 Girls 38th"]
[Site "New Delhi"]
[Date "2022.12.05"]
[Round "10"]
[White "Padmini, S."]
[Black "Aashi, Upadhayay"]
[Result "0-1"]
[WhiteElo "1302"]
[BlackElo "1496"]
[PlyCount "92"]
[EventDate "2022.11.28"]
[EventType "swiss"]
[EventRounds "11"]
[EventCountry "IND"]
[SourceTitle "CBM 211 Extra"]
[Source "ChessBase"]
[SourceDate "2023.01.31"]
[SourceVersion "1"]
[SourceVersionDate "2023.01.31"]
[SourceQuality "1"]

1. e4 e5 2. Nf3 Nc6 3. Bc4 Bc5 4. 0-0 Nf6 5. d4 Bxd4 6. Nxd4 Nxd4 7. f4 d6 8. fxe5 dxe5 9. Bg5 Qe7 10. Na3 Bd7 11. Bxf6 gxf6 12. c3 Ne6 13. Qf3 Nf4 14. Kh1 0-0-0 15. g3 Nh3 16. Qxf6 Qxf6 17. Rxf6 Bc6 18. Re1 Rd1 19. Rff1 Ng5 20. Bd5 Rxd5 21. exd5 Bxd5+ 22. Rf3 Nxf3 23. Rd1 Rd8 24. Kg2 e4 25. Kf2 Nxh2 26. Ke3 Ng4+ 27. Kf4 h5 28. Rh1 e3 29. Rxh5 e2 30. Nc2 Nf6 31. Rh2 Bc4 32. b3 Bd3 33. Ne1 Nd5+ 34. Kf3 Nxc3 35. Ke3 Be4 36. Rh4 Rd1 37. Kf2 f5 38. Rh7 Bd3 39. Rh1 Ne4+ 40. Ke3 Nxg3 41. Rg1 Nf1+ 42. Kf2 Ba6 43. b4 Bc4 44. Rg5 f4 45. Rc5 Ne3 46. Rg5 Rxe1 0-1

[Event "IND-ch U15 Girls 38th"]
[Site "New Delhi"]
[Date "2022.12.03"]
[Round "9"]
[White "Aashi, Upadhayay"]
[Black "Keerti, Shree Reddy"]
[Result "0-1"]
[WhiteElo "1496"]
[BlackElo "1673"]
[PlyCount "110"]
[EventDate "2022.11.28"]
[EventType "swiss"]
[EventRounds "11"]
[EventCountry "IND"]
[SourceTitle "CBM 211 Extra"]
[Source "ChessBase"]
[SourceDate "2023.01.31"]
[SourceVersion "1"]
[SourceVersionDate "2023.01.31"]
[SourceQuality "1"]

1. e4 c5 2. d4 cxd4 3. c3 Nf6 4. e5 Nd5 5. cxd4 Nc6 6. Nf3 d6 7. Bc4 Nb6 8. Bb3 Bf5 9. 0-0 e6 10. Nc3 d5 11. Bc2 Bxc2 12. Qxc2 Be7 13. Be3 0-0 14. Qe2 Re8 15. Nd2 Nxe5 16. dxe5 d4 17. Nce4 dxe3 18. Qxe3 Nd5 19. Qb3 Qb6 20. Qxb6 Nxb6 21. Rac1 Rac8 22. h3 f5 23. exf6 gxf6 24. Nb3 Na4 25. Na5 f5 26. Ng3 b6 27. Nc6 Bc5 28. Nxa7 Ra8 29. Nb5 Ra5 30. b3 Rxb5 31. bxa4 Ra5 32. Rc4 Rea8 33. Rfc1 Rxa4 34. Rxa4 Rxa4 35. Rc2 Rb4 36. Re2 Kf7 37. Kh2 Bd6 38. Rd2 Ke7 39. Rc2 h5 40. Kg1 Rb1+ 41. Nf1 h4 42. Rc4 f4 43. Rc2 e5 44. g3 hxg3 45. fxg3 f3 46. Kf2 e4 47. Rc4 Rb2+ 48. Ke1 Re2+ 49. Kd1 Ke6 50. Nd2 Kd5 51. Rc8 Rh2 52. Re8 Rh1+ 53. Kc2 f2 54. g4 Ra1 55. Kb2 Rd1 0-1

[Event "IND-ch U15 Girls 38th"]
[Site "New Delhi"]
[Date "2022.11.30"]
[Round "4"]
[White "Aashi, Upadhayay"]
[Black "Mishka, Mathur"]
[Result "1-0"]
[WhiteElo "1496"]
[BlackElo "1268"]
[PlyCount "61"]
[EventDate "2022.11.28"]
[EventType "swiss"]
[EventRounds "11"]
[EventCountry "IND"]
[SourceTitle "CBM 211 Extra"]
[Source "ChessBase"]
[SourceDate "2023.01.31"]
[SourceVersion "1"]
[SourceVersionDate "2023.01.31"]
[SourceQuality "1"]

1. e4 e5 2. Nf3 Nc6 3. d4 exd4 4. Bc4 Bb4+ 5. c3 dxc3 6. 0-0 h6 7. bxc3 Bc5 8. Bxf7+ Kxf7 9. Qd5+ Ke8 10. Qxc5 Qe7 11. Qb5 d6 12. Re1 Qd7 13. Qe2 Kf7 14. Nd4 Nf6 15. Bf4 Re8 16. Nd2 Kg8 17. Qc4+ Qf7 18. Nxc6 Be6 19. Qb5 bxc6 20. Qxc6 Rf8 21. Bg3 Rae8 22. Qa4 Ra8 23. e5 Nh5 24. Nf3 Nxg3 25. hxg3 Bd5 26. Re3 dxe5 27. Rf1 e4 28. Nd2 Rfe8 29. Nxe4 Bxa2 30. Rfe1 Qc4 31. Nf6+ 1-0

[Event "IND-ch U15 Girls 38th"]
[Site "New Delhi"]
[Date "2022.11.28"]
[Round "1"]
[White "Aashi, Upadhayay"]
[Black "Shatakshi, Awasthi"]
[Result "1-0"]
[WhiteElo "1496"]
[BlackElo "1100"]
[PlyCount "127"]
[EventDate "2022.11.28"]
[EventType "swiss"]
[EventRounds "11"]
[EventCountry "IND"]
[SourceTitle "CBM 211 Extra"]
[Source "ChessBase"]
[SourceDate "2023.01.31"]
[SourceVersion "1"]
[SourceVersionDate "2023.01.31"]
[SourceQuality "1"]

1. e4 e5 2. Nf3 Nc6 3. d4 exd4 4. Bc4 d6 5. Nxd4 Nxd4 6. Qxd4 Nf6 7. Nc3 Be7 8. 0-0 0-0 9. h3 a6 10. a4 Kh8 11. Bf4 Be6 12. Rad1 Qd7 13. e5 c5 14. Bxe6 fxe6 15. Qe3 Nd5 16. Nxd5 exd5 17. Rxd5 Qc6 18. c4 dxe5 19. Bxe5 Bf6 20. Bxf6 Qxf6 21. Qe5 Qg6 22. Rxc5 Rae8 23. Qc3 Re2 24. Rd5 h6 25. b3 Rexf2 26. Rxf2 Qb1+ 27. Kh2 Rxf2 28. Rd7 Rf6 29. Rd8+ Kh7 30. Qd3+ Qxd3 31. Rxd3 Rb6 32. Kg3 Kg6 33. Kf4 Kf6 34. Ke4 Ke6 35. Rg3 g5 36. Kd4 Rd6+ 37. Kc3 Kf5 38. c5 Rd7 39. b4 h5 40. b5 g4 41. hxg4+ hxg4 42. Kc4 Rd2 43. c6 axb5+ 44. axb5 bxc6 45. b6 Rc2+ 46. Rc3 Rxg2 47. b7 Rb2 48. Rb3 Rxb3 49. Kxb3 g3 50. b8Q Kg4 51. Qc8+ Kf3 52. Qxc6+ Kf2 53. Qf6+ Ke3 54. Qg5+ Kf3 55. Qf5+ Ke2 56. Qg4+ Kf2 57. Qf4+ Kg2 58. Kc3 Kh2 59. Kd3 Kg2 60. Ke3 Kh2 61. Kf3 Kh1 62. Qh4+ Kg1 63. Qxg3+ Kh1 64. Qg2# 1-0

[Event "Eastern Asia-ch U14 Girls"]
[Site "Tornelo INT"]
[Date "2021.10.22"]
[Round "1"]
[White "Parvin, Zahra"]
[Black "Aashi, Upadhayay"]
[Result "1-0"]
[WhiteElo "1613"]
[BlackElo "1175"]
[PlyCount "107"]
[EventDate "2021.10.22"]
[EventType "swiss"]
[EventRounds "9"]
[EventCountry "NET"]
[SourceTitle "EXT 2023"]
[Source "ChessBase"]
[SourceDate "2022.10.05"]
[SourceVersion "1"]
[SourceVersionDate "2022.10.05"]
[SourceQuality "1"]

1. e4 e5 2. Nf3 Nc6 3. Bc4 Bc5 4. Nc3 Nf6 5. d3 d6 6. Bg5 h6 7. Be3 Bb6 8. d4 exd4 9. Nxd4 Nxd4 10. Bxd4 Bxd4 11. Qxd4 Be6 12. Bb3 Qe7 13. 0-0 0-0 14. f4 Rfe8 15. Rae1 a6 16. Re3 b5 17. Bd5 Bxd5 18. Nxd5 Nxd5 19. Qxd5 Qe6 20. Rd1 Rad8 21. b3 Qxd5 22. Rxd5 c6 23. Rdd3 Re6 24. Kf2 f6 25. a3 a5 26. c3 Kf7 27. Kf3 d5 28. exd5 cxd5 29. Rd2 f5 30. Red3 Red6 31. Ke3 Ke6 32. Kd4 b4 33. axb4 axb4 34. cxb4 Rb8 35. Kc5 Rc8+ 36. Kd4 Rb8 37. Kc3 Rc6+ 38. Kb2 Rxb4 39. Rxd5 Rxf4 40. R5d4 Re4 41. b4 g6 42. Kb3 Ke5 43. Rd5+ Kf4 44. Rd6 Rcc4 45. Rb6 g5 46. Rf2+ Kg4 47. Rf3 Rcd4 48. h3+ Kh5 49. Rxf5 Re3+ 50. Ka4 Rg3 51. Rff6 g4 52. Rb5+ Rd5 53. Rxd5+ Kh4 54. Rxh6# 1-0